02789nam a2200289uu 4500001000800000005001700008007001000025008004100035035001200076040001300088041000800101100006000109245012700169260003900296300004100335520182600376650003602202650003202238650003402270650003302304700005002337856006002387942001302447999001902460502001202479526000802491154521520240129082206.0cr|||||||200429s2019 spa  a1545215 ccomduadb aspa10aPaniagua Castrillón, Sandra Cecilia4auteaut979821510aFactores de riesgo psicosocial intralaborales asociados a la rotación voluntaria del personal en una empresa de empaques aMedellín :bAutores (as),c2019. aArchivo en Repositorio Institucional3 aObjetivo. Identificar los factores de riesgo psicosocial intralaborales (FRPI) que se asocian a la renuncia voluntaria del personal en una empresa de empaques. Metodología. La orientación de este trabajo fue cuantitativa y el nivel de esta investigación es de tipo descriptivo-exploratorio. Para el cálculo de la relación entre los FRPI y la rotación voluntaria se calculó el Odss Ratio y la prueba Chi de independencia para conocer la significación de la diferencia. Población. Se trabajó con una muestra de 1.162 empleados del nivel operativo de una empresa de maquila que participaron en la evaluación de factores de riesgo psicosocial entre 2017-2018. Resultados. En la evaluación en la compañía de empaques, se encontró que el 27% de personas se ubicó en los niveles de riesgo alto o muy alto en el indicador de factores de riesgo psicosocial intralaborales. El dominio que evidenció mayor riesgo, fue el de demandas del trabajo. Los demás dominios tuvieron una menor presentación. Los resultados evidencian que entre más factores de riesgo psicosocial intralaboral se presenten, más posibilidad tiene la empresa de que los empleados presenten su retiro de la compañía de forma temprana y voluntaria. Discusión. Los resultados de la investigación sugieren que, en esta compañía, las personas con niveles de riesgo alto y muy alto en los factores de riesgo psicosocial intralaboral, pueden presentar su renuncia voluntaria al cargo con más facilidad, incrementando los niveles de rotación de la empresa. Esto sustenta que la gestión de estos factores de riesgo, además de favorecer la salud y el bienestar de los trabajadores, podrá beneficiar a la organización al reducir los costos asociados a la selección, inducción y formación del personal. aResolucion 2646 de 20089190442 aRotacion de personal995491 aFactores psicosociales951216 aRiesgos psicosociales95517310aGómez Castañeda, Eliana4auteaut97977744 uhttp://bibliotecadigital.udea.edu.co/handle/10495/11239 cTESISn0 c817660d817660 b285c20 a287